Номенклатура должностей ЦИК Союза ССР

Доступно только в Электронных читальных залах Найти на картеНа карте
RUSMARC
00003939nmc2a22002653x 450
0014dad49a2-1999-437e-97c4-67d1449222c6
00520230719221115.0
100##$a20230613l19291930k y0rusy50 ca
1010#$arus
102##$aRU
105##$aa z |||||
1222#$ad19291231
$ad19301231
2001#$aНоменклатура должностей ЦИК Союза ССР
$j1929-1930
215##$a186 листов
$cтабл.
$d36,8 х 22,8
251##$cДело
300##$aНа папке дела: 1929 г. - 1929 г.
300##$aВ деле обратная нумерация листов
300##$aЛисты: 186 - незакрепленный; 161, 159, 148, 140, 100, 80-78, 71, 46, 39, 2 - текст уходит в корешок дела
300##$aЧасть текста машинописная и рукописная, часть - напечатана типографским способом
461#0$1001796d4672-8a00-4986-b488-6e42273792cc
$12001
$aЦЕНТРАЛЬНЫЙ ИСПОЛНИТЕЛЬНЫЙ КОМИТЕТ СССР (ЦИК СССР).
$1251
$cФонд
$1852
$gР
$j3316
462#0$10016e6e8ba4-e15f-4ad4-8937-f1e88c150bfe
$12001
$aДела Секретариата Президиума ЦИК Союза ССР. 1929 г.
$vД. 951
$1251
$cОпись
$1852
$j22
60101$3RU\NLR\AUTH\880357276
$aСССР
$bЦИК
801#0$aRU
$bGA_RF
801#1$aRU
$bГлавНИВЦ
$c20230613
$2rusmarc
801#2$aRU
$bПБ им. Б.Н. Ельцина
$c20230719
$gRCR
$2rusmarc
852##$aГА РФ
$j951
937##$d186678695
$hГАРФ
035##$aRuPRLIB51072621
856##$uhttp://readingroom.main.prlib.ru/item.aspx?id_node=n186678695&mode=full
Формат отображения